Southville International School and Colleges
Your cart is empty.
  • Cart
  • Lists
    Public lists Eva Luna New books Lux_list list_1
    Your lists Log in to create your own lists
  • Log in to your account
  • Your cookies
  • Search history
Southville International School and Colleges
  • Advanced search
  • Recent comments
  • Most popular
  • Libraries

Log in to your account

Log in with GOOGLE


If you do not have an external account, but do have a local account, you can still log in:

  1. Home
  2. MARC view: First knight :
Normal view MARC view ISBD view

First knight : (Record no. 109107)

[ view plain ]
MARC details
000 -LEADER
fixed length control field 00455nam a2200169 a 4500
005 - DATE AND TIME OF LATEST TRANSACTION
control field 20140414093837.0
008 - FIXED-LENGTH DATA ELEMENTS--GENERAL INFORMATION
fixed length control field 030923s19uu xx 00 eng d
050 ## - LIBRARY OF CONGRESS CALL NUMBER
Classification number VCD 791.43
Item number Fir 1994
100 ## - MAIN ENTRY--PERSONAL NAME
Personal name Connery, Sean
245 ## - TITLE STATEMENT
Title First knight :
Remainder of title the greatest battle would be for her love /
Statement of responsibility, etc Sean Connery.
500 ## - GENERAL NOTE
General note (dis 1&2)
650 ## - SUBJECT ADDED ENTRY--TOPICAL TERM
Topical term or geographic name as entry element Warriors.
650 ## - SUBJECT ADDED ENTRY--TOPICAL TERM
Topical term or geographic name as entry element Motion pictures.
650 ## - SUBJECT ADDED ENTRY--TOPICAL TERM
Topical term or geographic name as entry element Love stories.
942 ## - ADDED ENTRY ELEMENTS (KOHA)
Koha item type Audio Visual Materials
Holdings
Withdrawn status Lost status Damaged status Home library Current library Shelving location Date acquired Source of acquisition Cost, normal purchase price Total Checkouts Full call number Barcode Date last seen Price effective from Koha item type
      Luxembourg Library Luxembourg Library Audio Visual Material Section 09/23/2003   150.00   VCD 791.43 Fir 1994 AV0718 04/14/2014 04/14/2014 Audio Visual Materials

First knight :

APA

Connery S., .First knight. : .

Chicago

Connery Sean, .First knight. : .

Harvard

Connery S., .First knight. : .

MLA

Connery Sean, .: . .

  • Place hold
  • Print
  • Cite
  • Add to your cart (remove)
  • Save record
    BIBTEX Dublin Core MARCXML MARC (non-Unicode/MARC-8) MARC (Unicode/UTF-8) MARC (Unicode/UTF-8, Standard) MODS (XML) RIS
  • More searches
    Search for this title in:
    Other Libraries (WorldCat) Other Databases (Google Scholar) Online Stores (Bookfinder.com) Open Library (openlibrary.org)

Exporting to Dublin Core...

SOUTHVILLE LIBRARY

Southville International School and Colleges Library

1281 Tropical Ave. Cor. Luxembourg St., BF Homes International, Las Pinas City

Tel. No. 8256374 / 252358 Loc. 117/146

Powered by Koha